01630nam a2200385 a 4500001001000000003000500010005001700015008004100032010001100073011001100084040000900095090001000104100003600114245015200150260004100302500006000343502010900403590004100512590004100553590004000594590004000634590004000674590004000714590004000754590004000794650005700834650006500891650004500956856007001001901000701071942001001078942000601088999001901094952013101113000115008CHAP20220329144508.0180830s2018 mx a sm |||||||spa d a111469 a112441 cCHAP aTesis1 aHerrera Anrrubio, Aide.913571010aEtiología y control biológico de moho gris (Cladosporium fulvum) en jitomate (Solanum lycopersicum) /h[En línea]cpor Aide Herrera Anrrubio. aChapingo, Méx. :bEl autor,c2018. aPara ver el contenido del material haga clic en la liga aTesis (Ing. Agr. Esp. en Parasitología Agrícola) -- UACH. Departamento de Parasitología Agrícola aBATCH-UPDb10c20190522lUCH01h1545 aE11695DGDb10c20190522lUCH01h1544 aE8697GMMb05c20180830lUCH01h1141 aE8697GMMb05c20180830lUCH01h1142 aE8697GMMb05c20180831lUCH01h1303 aE8697GMMb05c20180831lUCH01h1413 aE8697GMMb05c20181130lUCH01h0939 aE8697GMMb05c20190515lUCH01h150914aHongos fitopatógenosxControl biológico.913476014aHongos fitopatógenosxFisiología y morfología.912660714aTomatexEnfermedades por hongos.9113713 aFinding aiduhttp://10.13.5.2/tesis/sist115008.pdfzTeclea aquí aBK cTESIS n0 c111469d111469 00104054718TESISaBCbBCd2018-08-30fTESISl0oTesisp115017-10r2019-12-31 00:00:00w2019-12-31yTESISzRecien adquirido